The losing battle with Islam / (Record no. 65663)

MARC details
000 -LEADER
fixed length control field 00550nam a22001577a 4500
005 - DATE AND TIME OF LATEST TRANSACTION
control field 2012042606556.0
020 ## - INTERNATIONAL STANDARD BOOK NUMBER
International Standard Book Number 8130903741
Terms of availability 795.00
035 ## - SYSTEM CONTROL NUMBER
System control number B-226513
037 ## - SOURCE OF ACQUISITION
Stock number DPL
Source of stock number/acquisition ENG
100 ## - MAIN ENTRY--PERSONAL NAME
Personal name Selbourne, David
245 ## - TITLE STATEMENT
Title The losing battle with Islam /
Statement of responsibility, etc by David Selbourne
260 ## - PUBLICATION, DISTRIBUTION, ETC. (IMPRINT)
Place of publication, distribution, etc New Delhi
Name of publisher, distributor, etc Viva Books Pvt. Ltd.
Date of publication, distribution, etc 2006
300 ## - PHYSICAL DESCRIPTION
Extent 541p.
Dimensions 22 cms.
942 ## - ADDED ENTRY ELEMENTS (KOHA)
Source of classification or shelving scheme Dewey Decimal Classification
Item type English Books
Classification part 320.557
Call number suffix SEL
Holdings
Withdrawn status Lost status Not for loan Collection code Home library Current library Date acquired Cost, normal purchase price Full call number Barcode Cost, replacement price Koha item type
      Non-fiction Sarojini Nagar Sarojini Nagar 26/04/2012 795.00 320.557 SEL B-226513 795.00 English Books

© Delhi Public Library
Hit Counter
free hit counter